Normal view
MARC view
- Thomas-Haig,David
Entry Personal Name
001 - CONTROL NUMBER
- control field: 107937
003 - CONTROL NUMBER IDENTIFIER
- control field: NUST
005 - DATE AND TIME OF LATEST TRANSACTION
- control field: 20230127143820.0
008 - FIXED-LENGTH DATA ELEMENTS
- fixed length control field: 230127|| aca||aabn | a|a d
040 ## - CATALOGING SOURCE
- Original cataloging agency: NUST
- Transcribing agency: NUST
100 ## - HEADING--PERSONAL NAME
- Personal name: Thomas-Haig,David
670 ## - SOURCE DATA FOUND
- Source citation: Work cat.: (NUST)186176: Thomas-Haig,David, Tracks in The Snow /, 139
